Subjetividad y Cultura No. 7 · octubre 1996 /

Subjetividad y Cultura, revista mexicana de psicología, cuyo título busca expresar la relación sujeto-sociedad como centro de la praxis profesional del campo y eje de los problemas disciplinarios específicos. El número 7 (octubre de 1996) está formado por las siguientes secciones y colaboraciones: I...

Descrizione completa

Salvato in:
Dettagli Bibliografici
Altri autori: Campuzano, Mario (dirección) (dirección), Guinsberg, Enrique (dirección) (dirección), Matrajt, Miguel (dirección) (dirección)
Natura: Libro
Lingua:spagnolo
Pubblicazione: México : Plaza y Janés, 1996
Serie:(Subjetividad y Cultura ; 7)
Soggetti:
Tags: Aggiungi Tag
Nessun Tag, puoi essere il primo ad aggiungerne!!

MARC

LEADER 00000nam^a2200000^a^4500
001 000630263
005 20260410000000.0
009 20260410195519.089
020 |a 968-856-504-0 
037 |a Acervo ITESO - Biblioteca 
041 |a ESP 
082 |a 150. 5  |b SUB V. 7 
240 1 0 |a [Subjetividad y Cultura] 
245 0 0 |a Subjetividad y Cultura No. 7 · octubre 1996 /  |c Dir. de M. Campuzano, E. Guinsberg. M. Matrajt. 
264 1 |a México :  |b Plaza y Janés,  |c 1996 
300 |a 120 p. 
336 |a texto  |b txt  |2 rdacontenido 
337 |a sin mediación  |b n  |2 rdamedio 
338 |a volumen  |b nc  |2 rdasoporte 
440 1 |a (Subjetividad y Cultura ;  |v 7) 
520 |a Subjetividad y Cultura, revista mexicana de psicología, cuyo título busca expresar la relación sujeto-sociedad como centro de la praxis profesional del campo y eje de los problemas disciplinarios específicos. El número 7 (octubre de 1996) está formado por las siguientes secciones y colaboraciones: I) Este número. II) Textos: 1) Trastornos preedípicos y tratamiento interpretativo, por Mario Campuzano Montoya; codirector de la revista; 2) ¿Cura el psicoanálisis?, por Juan Vives Rocabert; 3) Reflexiones sobre la cura analítica, por Guillermo Delahanty Matuk; 4) Más allá del furor curandis, por Adalberto Levi Hambra; 5) Dinero y adicción, por Raúl Páramo Ortega; 5) Entre broma y broma... un inconsciente se asoma, por Kattya Vivanco González, y 6) Omisión, connivencia y complicidad: los analizadores de algunas prácticas psicoanalíticas en el Brasil de hoy, por Cecilia María Bouças Coimbra. 
520 |a III) Bibliográficas: 7) "Seducciones del psicoanálisis: Freud, Lacan y Derrida", de John Forrester, por Miguel Angel Zarco Neri; 8) "Compendio de analise institucional e outras correntes", de Gregorio Baremblitt, por Miguel Matrajt Karsemboin, codirector de la publicación; 9) "Woody Allen: masoquismo irónico o crítica al sometimiento", de Guillermo Delahanty Matuk, por Enrique Guinsberg, codirector de la revista; 10) Guía bibliográfica sobre lingüística, trabajo y subjetividad, por M. Matrajt Karsemboin, y 11) Publicaciones recibidas. IV) Noticias y comentarios: 12) Mesas redondas: El psicoanálisis a fines del milenio: evlauación, crítica, perspectivas; 13) Del tango al zapping: Malena: las marcas de la historia, por Viviana Fumagalli, María Cristina González y Ana Urosivich; 14) Sobre la palabra post-modernidad, por Silvia Pologna; 15) Freud, el padre del psicoanálisis; 16) Dinero en psicoanálisis: palabra herética, por Jeanette Gorn Kacman; 17) Sobre la Comisión Nacional de Arbitraje Médico y sobre la reforma neoliberal de los servicios de salud, por M. Campuzano Montoya; 18) Coloquio Internacional de Psicodinámica y Psicopatología del Trabajo; 19) ¿Crisis en la APM (Asociación Psicoanalítica Mexicana), o Aquí no ha pasado nada?; 20) II Congreso sobre Grupo, Pareja y Familia, y 21) Correspondencia, enviada por Celia Delgado Teijeiro y Rosa Laura Cantú Elizondo. 
567 |a Catalogación rápida 
649 |a XX 
650 |a Subjetividad (Psicología) -  |x Aspectos Sociales y Culturales -  |x Publicaciones Periódicas 
650 |a Psicología -  |x Publicaciones Periódicas -  |x Tema Principal 
650 |a Publicaciones Periódicas Mexicanas 
650 |a Publicaciones Periódicas 
700 |a Campuzano, Mario  |e (dirección) 
700 |a Guinsberg, Enrique  |e (dirección) 
700 |a Matrajt, Miguel  |e (dirección) 
910 |a Fondo Castillo-Martínez 
920 |a Impresos - Libros 
930 |a Fondos Especiales 
905 |a 127 
901 |a 630263-10  |b IT2  |c ESP  |i D129777  |u 20260410 
902 |a https://opac.biblio.iteso.mx/vufind/Record/000630263